000 00590nam a2200229Ia 4500
003 OSt
005 20220918202357.0
006 a|||||r|||| 00| 0
007 ta
008 220917b |||||||| |||| 00| 0 eng d
024 _a100,767
037 _cTextual
040 _aARTS
_cARTS
_beng
041 _2eng
_aeng
082 _aV2316:1:N7, L3
100 _aShriman Narayan
_990322
245 0 _aThose ten months
_b President's rule in Gujarat
260 _c1973
650 _aHISTORY
942 _hV2316:1:N7, L3
_cTEXL
_2CC
999 _c224288
_d224288